Derecho administrativo, sindicatos y autoadministración / Tomás Ramón Fernández Rodríguez
Descripción Física:
227 p. ; 21 cm
Colección:
Estudios de administración general
MARC
| LEADER | 00000nam a2200000Ia 4500 | ||
|---|---|---|---|
| 001 | 14422 | ||
| 008 | 160829s1972 xx 000 0 cat d | ||
| 080 | |a D-3-14 | ||
| 100 | 1 | |a Fernández Rodríguez, Tomás Ramón |9 24481 | |
| 245 | |a Derecho administrativo, sindicatos y autoadministración / Tomás Ramón Fernández Rodríguez | ||
| 260 | |a Madrid : |b Instituto de Estudios de Administración Local, |c 1972 | ||
| 300 | |a 227 p. ; |c 21 cm | ||
| 490 | |a Estudios de administración general | ||
| 590 | |a Notes, referències bibliogràfiques | ||
| 650 | 0 | |a Dret administratiu |z Espanya |9 23238 | |
| 650 | |a Sindicats |x Dret i legislació |x Espanya |9 31662 | ||
| 710 | 2 | |a Instituto de Estudios de Administración Local (Espanya) |9 54775 | |
| 901 | |a Arxiu | ||
| 942 | |n 1 | ||
| 952 | |0 1 |1 0 |2 udc |4 0 |5 2 |6 D314 |7 1 |9 43176 |a Arxiu |b Arxiu |d 2016-12-01 |l 0 |o D-3-14 |p 14422 |r 2016-12-01 00:00:00 |w 2016-12-01 |y ARXIU | ||
| 999 | |c 45720 |d 45720 | ||